[Event "SK Turm Euskirchen 1 - SG Solingen 4"]
[Site "NRW-Klasse - Gruppe 4 2021/20"]
[Date "2022.04.24"]
[Round "8.1"]
[White "Bashylina, Luisa"]
[Black "Neubauer, Juergen"]
[Result "1-0"]
[WhiteElo "2015"]
[BlackElo "2073"]
[PlyCount "143"]
[EventDate "2022.??.??"]
[SourceVersionDate "2020.03.16"]
[WhiteTeam "SG Solingen 4"]
[BlackTeam "SK Turm Euskirchen 1"]

1. d4 e6 2. c4 f5 3. g3 Nf6 4. Bg2 Be7 5. Nf3 O-O 6. O-O c6 7. b3 Na6 8. Ba3
Nc7 9. Bxe7 Qxe7 10. Nc3 d6 11. Rc1 Bd7 12. e3 Rad8 13. b4 Be8 14. Qb3 a6 15.
c5 d5 16. Ne5 Nd7 17. Nxd7 Rxd7 18. f4 Bh5 19. a4 Ra8 20. Ra1 Rdd8 21. Rfb1 Be8
22. Bf1 g5 23. Ra3 gxf4 24. exf4 Qg7 25. Qd1 Rdb8 26. Rab3 Bd7 27. b5 axb5 28.
axb5 Ra5 29. bxc6 Bxc6 30. Nb5 Qd7 31. Nd6 Ne8 32. Qe1 Ra7 33. Bb5 Bxb5 34.
Nxb5 Raa8 35. Qe5 Rc8 36. Nc3 Rc7 37. Rb6 Ra6 38. R6b3 Qe7 39. Re1 Qf7 40. Nxd5
exd5 41. Qxe8+ Qxe8 42. Rxe8+ Kf7 43. Re5 Rd7 44. Rxf5+ Kg6 45. Rg5+ Kf6 46. h4
Ra4 47. Rd3 Rb4 48. Kf2 b5 49. cxb6 Rxb6 50. Kf3 Rb4 51. Re5 Kg6 52. g4 Rb1 53.
f5+ Kf7 54. g5 Rg1 55. Kf4 Kg7 56. f6+ Kg6 57. h5+ Kf7 58. Rf3 Rh1 59. Kg4 Rd1
60. g6+ hxg6 61. hxg6+ Kxg6 62. Rg5+ Kf7 63. Rg7+ Ke6 64. Rxd7 Rxd4+ 65. Kg5
Kxd7 66. f7 Rc4 67. f8=Q Kc6 68. Rf6+ Kb7 69. Qd8 Rc7 70. Qxd5+ Ka7 71. Qa5+
Kb7 72. Qa6+ 1-0

[Event "SK Turm Euskirchen 1 - SG Solingen 4"]
[Site "NRW-Klasse - Gruppe 4 2021/20"]
[Date "2022.04.24"]
[Round "8.2"]
[White "Herzwurm, Robert"]
[Black "Blasek, Ralph"]
[Result "1-0"]
[WhiteElo "1999"]
[BlackElo "2088"]
[PlyCount "61"]
[EventDate "2022.??.??"]
[SourceVersionDate "2020.03.16"]
[WhiteTeam "SK Turm Euskirchen 1"]
[BlackTeam "SG Solingen 4"]

1. e4 a6 2. b3 b5 3. d4 Bb7 4. Bd3 e6 5. Nf3 c5 6. O-O cxd4 7. Nxd4 Nc6 8. Nxc6
Bxc6 9. Bb2 Nf6 10. Nd2 Be7 11. Re1 d6 12. Qe2 O-O 13. Rad1 Qb6 14. e5 dxe5 15.
Bxe5 Qc5 16. Nf3 Rfd8 17. Bd4 Qh5 18. Ne5 Qxe2 19. Rxe2 Be8 20. Bb6 Rdb8 21.
Bd4 b4 22. Nc4 Rd8 23. Bb6 Rdb8 24. Bd4 Rd8 25. Bb6 Rd5 26. Bc7 Rc8 27. Be5 Bc5
28. h3 Bb5 29. Bxf6 gxf6 30. Red2 Rcd8 31. Ne3 1-0

[Event "SK Turm Euskirchen 1 - SG Solingen 4"]
[Site "NRW-Klasse - Gruppe 4 2021/20"]
[Date "2022.04.24"]
[Round "8.3"]
[White "Fichtner, Ewald"]
[Black "Weißhuhn, Gunnar"]
[Result "1/2-1/2"]
[WhiteElo "2005"]
[BlackElo "2047"]
[PlyCount "164"]
[EventDate "2022.??.??"]
[SourceVersionDate "2020.03.16"]
[WhiteTeam "SG Solingen 4"]
[BlackTeam "SK Turm Euskirchen 1"]

1. d4 Nf6 2. Bf4 g6 3. Nc3 d6 4. e4 Bg7 5. Qd2 c6 6. O-O-O a5 7. f3 a4 8. a3
Qa5 9. Bh6 Bxh6 10. Qxh6 b5 11. e5 Nfd7 12. Qg7 Rf8 13. exd6 b4 14. dxe7 bxc3
15. exf8=Q+ Nxf8 16. Qe5+ Be6 17. b4 axb3 18. Qxa5 b2+ 19. Kb1 Rxa5 20. Ne2
Rxa3 21. Nxc3 Rxc3 22. Kxb2 Re3 23. Bd3 Nbd7 24. Kc3 f5 25. Kd2 f4 26. Ra1 Nf6
27. Rhb1 Bd7 28. Ra8+ Ke7 29. Ra7 Kd6 30. Rb6 Ne6 31. c3 Nd5 32. Rbb7 Nf6 33.
Bc4 Nd8 34. Rb6 Re8 35. Bb3 Ne6 36. d5 Nc5 37. dxc6 Nxb3+ 38. Rxb3 Bxc6 39. Rb4
g5 40. Rd4+ Kc5 41. Ra5+ Bb5 42. Rb4 Rb8 43. Rb1 Nd5 44. Ra7 Ne3 45. Rc7+ Kb6
46. Rd7 Ra8 47. c4 Nxc4+ 48. Kc3 Ne3 49. Kd4 Kc6 50. Rxh7 Rd8+ 51. Ke5 Rd5+ 52.
Kf6 Kd6 53. Rb7 Rf5+ 54. Kg7 Bc6 55. R7b6 Nxg2 56. Rd1+ Kc7 57. Rb3 Rc5 58. Kf6
Ba4 59. Rg1 Bxb3 60. Rxg2 Kd6 61. Rxg5 Rxg5 62. Kxg5 Ke5 63. h4 Bd5 64. Kg4
Be6+ 65. Kg5 Bf5 66. h5 Bd3 67. h6 Bf5 68. Kh4 Kf6 69. Kh5 Bg6+ 70. Kg4 Ke5 71.
Kg5 Bf5 72. Kh4 Kf6 73. Kh5 Be4 74. fxe4 f3 75. e5+ Kf7 76. h7 Kg7 77. e6 f2
78. e7 f1=Q 79. h8=Q+ Kxh8 80. e8=Q+ Kg7 81. Qe7+ Qf7+ 82. Qxf7+ Kxf7 1/2-1/2

[Event "SK Turm Euskirchen 1 - SG Solingen 4"]
[Site "NRW-Klasse - Gruppe 4 2021/20"]
[Date "2022.04.24"]
[Round "8.4"]
[White "Scholzen, Wolfgang"]
[Black "Goerke, Joachim"]
[Result "0-1"]
[WhiteElo "2028"]
[BlackElo "2010"]
[PlyCount "98"]
[EventDate "2022.??.??"]
[SourceVersionDate "2020.03.16"]
[WhiteTeam "SK Turm Euskirchen 1"]
[BlackTeam "SG Solingen 4"]

1. d4 d5 2. c4 e6 3. Nc3 Nf6 4. Bg5 Be7 5. Nf3 O-O 6. e3 b6 7. cxd5 exd5 8. Bd3
Bb7 9. O-O Nbd7 10. Rc1 c5 11. Re1 Ne4 12. Bxe7 Qxe7 13. Qe2 Nxc3 14. Rxc3 c4
15. Bb1 f5 16. b3 b5 17. Rcc1 g6 18. Qb2 Bc6 19. g3 Rfc8 20. Ne5 Rab8 21. f4
Ba8 22. h4 Nxe5 23. fxe5 b4 24. Qe2 Qe6 25. h5 c3 26. g4 fxg4 27. hxg6 hxg6 28.
Rf1 Rf8 29. Kg2 Bb7 30. Kg3 Ba6 31. Rxf8+ Rxf8 32. Qxg4 Qxg4+ 33. Kxg4 Kg7 34.
e4 Be2+ 35. Kg3 Bf3 36. Re1 dxe4 37. Bxe4 Bxe4 38. Rxe4 Rf1 39. Re2 Rd1 40. e6
Kf8 41. Kf4 Rxd4+ 42. Ke5 Rd2 43. Re4 a5 44. Rc4 Rxa2 45. Kf6 Rf2+ 46. Kxg6 Ke7
47. Rc5 Kxe6 48. Rxa5 Rg2+ 49. Kh5 Rb2 0-1

[Event "SK Turm Euskirchen 1 - SG Solingen 4"]
[Site "NRW-Klasse - Gruppe 4 2021/20"]
[Date "2022.04.24"]
[Round "8.5"]
[White "Kushchan, Eduard"]
[Black "Blumenthal, Ralf"]
[Result "1-0"]
[WhiteElo "1990"]
[BlackElo "1863"]
[PlyCount "81"]
[EventDate "2022.??.??"]
[SourceVersionDate "2020.03.16"]
[WhiteTeam "SG Solingen 4"]
[BlackTeam "SK Turm Euskirchen 1"]

1. d4 c5 2. d5 e5 3. c4 f5 4. Nc3 d6 5. e4 Nf6 6. Bd3 fxe4 7. Nxe4 Nxe4 8. Bxe4
Qh4 9. Qc2 Be7 10. Nf3 Qh5 11. Be3 O-O 12. O-O-O Bf5 13. Bxf5 Qxf5 14. Qxf5
Rxf5 15. Nd2 Nd7 16. Ne4 h6 17. f3 Rb8 18. Rd3 a6 19. Rhd1 Rff8 20. a3 b5 21.
cxb5 axb5 22. b3 Rfc8 23. Kb2 Nb6 24. Rc3 Rb7 25. Rc2 Ra8 26. Nc3 Ra5 27. Bd2
Rba7 28. Nb1 Nxd5 29. Bxa5 Ne3 30. Rxd6 Nxc2 31. Bb6 Bxd6 32. Bxa7 Nd4 33. Nd2
Ne6 34. Ne4 Be7 35. Bb8 Bf6 36. a4 bxa4 37. bxa4 Nd4 38. a5 Nc6 39. a6 Kf7 40.
a7 Nxa7 41. Bxa7 1-0

[Event "SK Turm Euskirchen 1 - SG Solingen 4"]
[Site "NRW-Klasse - Gruppe 4 2021/20"]
[Date "2022.04.24"]
[Round "8.6"]
[White "Reckers, Sebastian"]
[Black "Speck, Stefan"]
[Result "1-0"]
[WhiteElo "1798"]
[BlackElo "1900"]
[PlyCount "107"]
[EventDate "2022.??.??"]
[SourceVersionDate "2020.03.16"]
[WhiteTeam "SK Turm Euskirchen 1"]
[BlackTeam "SG Solingen 4"]

1. e4 e6 2. d4 d5 3. e5 b6 4. Be3 Qd7 5. Nd2 Ne7 6. Ngf3 Nf5 7. Bd3 Ba6 8. c4
c5 9. Bxf5 exf5 10. Rc1 cxd4 11. Bxd4 dxc4 12. Nxc4 Bb4+ 13. Ncd2 O-O 14. a3
Be7 15. Nc4 Nc6 16. Qa4 Nxe5 17. Qxd7 Nxd7 18. O-O Rfc8 19. Rfe1 Bxc4 20. Rxe7
Be6 21. Re1 Kf8 22. R7xe6 fxe6 23. Ng5 e5 24. Bc3 h6 25. Nf3 e4 26. Nd4 g6 27.
g4 Rxc3 28. bxc3 Ne5 29. gxf5 gxf5 30. Re3 Nc4 31. Rh3 Kf7 32. Nxf5 Nxa3 33.
Nd6+ Ke6 34. Nxe4 Kf5 35. Nd6+ Kg6 36. c4 Nc2 37. Nb5 a5 38. Rc3 Nb4 39. c5
bxc5 40. Rxc5 Rd8 41. Nc3 Rd3 42. Kg2 h5 43. Ne2 Ra3 44. Nf4+ Kf7 45. Rxh5 a4
46. Ra5 Ra2 47. h4 Nc6 48. Ra6 Ne5 49. h5 Ng4 50. Kg3 Nf6 51. h6 Ra1 52. Ra7+
Kg8 53. Kg2 a3 54. Ng6 1-0

[Event "SK Turm Euskirchen 1 - SG Solingen 4"]
[Site "NRW-Klasse - Gruppe 4 2021/20"]
[Date "2022.04.24"]
[Round "8.7"]
[White "Sereda, Yaroslava"]
[Black "Alnafkhosh, Nashaat"]
[Result "1-0"]
[WhiteElo "1749"]
[BlackElo "1806"]
[PlyCount "79"]
[EventDate "2022.??.??"]
[SourceVersionDate "2020.03.16"]
[WhiteTeam "SG Solingen 4"]
[BlackTeam "SK Turm Euskirchen 1"]

1. e4 c5 2. Nf3 Nc6 3. d4 cxd4 4. Nxd4 e6 5. Nc3 a6 6. g3 Bb4 7. Bg2 Nf6 8. O-O
O-O 9. Re1 d5 10. exd5 Nxd5 11. Nxc6 bxc6 12. Bd2 Rb8 13. a3 Bc5 14. Ne4 Ba7
15. c4 Nf6 16. Qc2 Nxe4 17. Bxe4 Qf6 18. Bc3 Qh6 19. Be5 Rb6 20. c5 Rb5 21. Bd6
Rd8 22. Bxc6 Bb7 23. Bxb7 Rxb7 24. c6 Rc7 25. Bf4 Rxc6 26. Qxc6 Qf6 27. Rad1
Rxd1 28. Rxd1 g5 29. Qa8+ Kg7 30. Qxa7 gxf4 31. Qd4 e5 32. Qe4 fxg3 33. hxg3 h5
34. Re1 Qb6 35. Qxe5+ f6 36. Qxh5 Qxf2+ 37. Kxf2 f5 38. Re7+ Kf6 39. Qf7+ Kg5
40. Re6 1-0

[Event "SK Turm Euskirchen 1 - SG Solingen 4"]
[Site "NRW-Klasse - Gruppe 4 2021/20"]
[Date "2022.04.24"]
[Round "8.8"]
[White "Adimi, Shahriar"]
[Black "Hahner, Sebastian"]
[Result "0-1"]
[WhiteElo "1813"]
[BlackElo "1484"]
[PlyCount "68"]
[EventDate "2022.??.??"]
[SourceVersionDate "2020.03.16"]
[WhiteTeam "SK Turm Euskirchen 1"]
[BlackTeam "SG Solingen 4"]

1. d4 d5 2. Nf3 Nf6 3. Bg5 g6 4. e3 Bg7 5. Be2 O-O 6. Nbd2 Nbd7 7. h3 c6 8. c4
Re8 9. Bf4 Ne4 10. Nxe4 dxe4 11. Ng5 Qa5+ 12. Kf1 e5 13. dxe5 Bxe5 14. Qc2 Bxf4
15. exf4 Qf5 16. g3 Nf6 17. Re1 Qa5 18. h4 h6 19. Nh3 e3 20. f3 Nh5 21. Kg2 Bf5
22. Qb3 Ng7 23. Rd1 Ne6 24. Qxe3 Bxh3+ 25. Rxh3 Ng5 26. Qf2 Nxh3 27. Kxh3 Qf5+
28. Kg2 Qc2 29. Kf1 Re7 30. Rd4 Rae8 31. Bd3 Qc1+ 32. Kg2 Re1 33. g4 Rd1 34. f5
Rd2 0-1

[Event "Siegener SV 1 - Bergische SF 1"]
[Site "NRW-Klasse - Gruppe 4 2021/20"]
[Date "2022.04.24"]
[Round "8.1"]
[White "Bosbach, Stefan"]
[Black "Richter, Gerald"]
[Result "1/2-1/2"]
[WhiteElo "2018"]
[BlackElo "1959"]
[PlyCount "64"]
[EventDate "2022.??.??"]
[SourceVersionDate "2020.03.16"]
[WhiteTeam "Bergische SF 1"]
[BlackTeam "Siegener SV 1"]

1. Nf3 c5 2. c4 Nc6 3. Nc3 g6 4. h4 h5 5. e4 Bg7 6. d3 d6 7. Bd2 Nf6 8. Qc1 Ng4
9. Nh2 Nd4 10. Nxg4 Bxg4 11. f3 Bd7 12. Ne2 Qb6 13. Rb1 a5 14. Nxd4 Bxd4 15.
Bc3 a4 16. Be2 Qa6 17. Bxd4 cxd4 18. O-O Qa5 19. f4 f5 20. Qe1 Qxe1 21. Rfxe1
fxe4 22. dxe4 e5 23. Rf1 Ke7 24. Rf2 b6 25. Rbf1 Raf8 26. b4 axb3 27. axb3 Bc6
28. fxe5 dxe5 29. Rxf8 Rxf8 30. Rxf8 Kxf8 31. Bd3 Ke7 32. b4 Kf6 1/2-1/2

[Event "Siegener SV 1 - Bergische SF 1"]
[Site "NRW-Klasse - Gruppe 4 2021/20"]
[Date "2022.04.24"]
[Round "8.2"]
[White "Besser, Axel"]
[Black "Harringer, Manfred"]
[Result "0-1"]
[WhiteElo "1852"]
[BlackElo "2025"]
[PlyCount "72"]
[EventDate "2022.??.??"]
[SourceVersionDate "2020.03.16"]
[WhiteTeam "Siegener SV 1"]
[BlackTeam "Bergische SF 1"]

1. d4 Nf6 2. c4 e6 3. Nc3 Bb4 4. Qc2 d5 5. e3 O-O 6. Nf3 Nbd7 7. Bd3 c5 8. O-O
cxd4 9. exd4 dxc4 10. Bxc4 a6 11. Bd3 Re8 12. Bg5 Nf8 13. Ne4 Be7 14. Rac1 Nd5
15. Bxe7 Qxe7 16. a3 Bd7 17. Qb3 Nf4 18. Rc7 Nxd3 19. Qxd3 Bb5 20. Qc3 Qd8 21.
Rc1 Bc6 22. Rxc6 bxc6 23. Ne5 Qd5 24. Qe3 Ng6 25. Rc5 Qa2 26. Nxg6 hxg6 27. Qc1
Red8 28. Rxc6 Rxd4 29. Rc8+ Rd8 30. Rxa8 Rxa8 31. h3 Qd5 32. Nc3 Qd4 33. Ne2
Qe5 34. Ng3 a5 35. Qc6 Rd8 36. Nf1 Rd1 0-1

[Event "Siegener SV 1 - Bergische SF 1"]
[Site "NRW-Klasse - Gruppe 4 2021/20"]
[Date "2022.04.24"]
[Round "8.3"]
[White "Weiser, Hans-Josef"]
[Black "Wallasch, Thomas"]
[Result "1/2-1/2"]
[WhiteElo "1986"]
[BlackElo "1831"]
[PlyCount "23"]
[EventDate "2022.??.??"]
[SourceVersionDate "2020.03.16"]
[WhiteTeam "Bergische SF 1"]
[BlackTeam "Siegener SV 1"]

1. e4 d5 2. exd5 Qxd5 3. Nc3 Qa5 4. d4 c6 5. Nf3 Nf6 6. Be2 Bf5 7. O-O Nbd7 8.
a3 e6 9. Bf4 h6 10. b4 Qd8 11. Na4 b6 12. Bd3 1/2-1/2

[Event "Siegener SV 1 - Bergische SF 1"]
[Site "NRW-Klasse - Gruppe 4 2021/20"]
[Date "2022.04.24"]
[Round "8.4"]
[White "Scholl, Eckhard"]
[Black "Gelsok, Philipp"]
[Result "1/2-1/2"]
[WhiteElo "1898"]
[BlackElo "1980"]
[PlyCount "83"]
[EventDate "2022.??.??"]
[SourceVersionDate "2020.03.16"]
[WhiteTeam "Siegener SV 1"]
[BlackTeam "Bergische SF 1"]

1. e4 e6 2. d4 d5 3. e5 c5 4. c3 Nc6 5. a3 f6 6. Nf3 cxd4 7. cxd4 fxe5 8. dxe5
Qc7 9. Bb5 Bd7 10. Bxc6 Bxc6 11. O-O Ne7 12. Nd4 Bd7 13. Nc3 a6 14. Re1 Nc6 15.
Nxc6 Bxc6 16. b4 g6 17. Qd4 Bg7 18. Bd2 O-O 19. Rac1 Qd7 20. Ne2 Rf7 21. g3 Qe7
22. f4 a5 23. Qd3 axb4 24. Bxb4 Qe8 25. Nd4 Bf8 26. Rc3 Rd7 27. Rec1 Ba4 28.
Qe2 Rdd8 29. Qb2 Rab8 30. Bxf8 Kxf8 31. Qb6 Bd7 32. Rc7 Rdc8 33. Qd6+ Kg8 34.
R1c3 Rxc7 35. Rxc7 Rd8 36. Qb6 Bc8 37. Qc5 Bd7 38. h4 Rc8 39. Kf2 Rxc7 40. Qxc7
Qc8 41. Qxc8+ Bxc8 42. Kf3 1/2-1/2

[Event "Siegener SV 1 - Bergische SF 1"]
[Site "NRW-Klasse - Gruppe 4 2021/20"]
[Date "2022.04.24"]
[Round "8.5"]
[White "Eilers, Jochen"]
[Black "Pramann, Juergen"]
[Result "1-0"]
[WhiteElo "1960"]
[BlackElo "1663"]
[PlyCount "41"]
[EventDate "2022.??.??"]
[SourceVersionDate "2020.03.16"]
[WhiteTeam "Bergische SF 1"]
[BlackTeam "Siegener SV 1"]

1. e4 e5 2. Nf3 Nf6 3. Nc3 Nc6 4. a3 d5 5. Bb5 Bg4 6. h3 Bxf3 7. Qxf3 dxe4 8.
Nxe4 Nd5 9. Nc3 Nde7 10. d3 Qd6 11. Ne4 Qd5 12. c4 Qd4 13. Be3 Qxb2 14. O-O f5
15. Nc5 O-O-O 16. Rfb1 e4 17. dxe4 Qe5 18. exf5 Na5 19. Nxb7 Nb3 20. Nxd8 Kxd8
21. Rd1+ 1-0

[Event "Siegener SV 1 - Bergische SF 1"]
[Site "NRW-Klasse - Gruppe 4 2021/20"]
[Date "2022.04.24"]
[Round "8.6"]
[White "Kellerhoff, Joerg"]
[Black "Gutt, Oswald"]
[Result "1/2-1/2"]
[WhiteElo "1635"]
[BlackElo "1844"]
[PlyCount "40"]
[EventDate "2022.??.??"]
[SourceVersionDate "2020.03.16"]
[WhiteTeam "Siegener SV 1"]
[BlackTeam "Bergische SF 1"]

1. c4 e5 2. g3 Nf6 3. Bg2 c6 4. e3 d5 5. b3 Be6 6. d3 Bb4+ 7. Nd2 O-O 8. Ne2 e4
9. cxd5 cxd5 10. dxe4 Nxe4 11. O-O Qf6 12. Rb1 Nc3 13. Nxc3 Bxc3 14. Ba3 Rd8
15. Rc1 Nc6 16. Qc2 Ba5 17. Nf3 Rac8 18. Bb2 Qh6 19. Qb1 Bb6 20. Qa1 Nb4
1/2-1/2

[Event "Siegener SV 1 - Bergische SF 1"]
[Site "NRW-Klasse - Gruppe 4 2021/20"]
[Date "2022.04.24"]
[Round "8.7"]
[White "Toevs, Roman"]
[Black "Lichte, Sven"]
[Result "1/2-1/2"]
[WhiteElo "1941"]
[BlackElo "1633"]
[PlyCount "48"]
[EventDate "2022.??.??"]
[SourceVersionDate "2020.03.16"]
[WhiteTeam "Bergische SF 1"]
[BlackTeam "Siegener SV 1"]

1. d4 Nf6 2. Nf3 g6 3. Nbd2 Bg7 4. e4 d6 5. Bd3 O-O 6. O-O Nc6 7. c3 e5 8. dxe5
Nxe5 9. Nxe5 dxe5 10. Nf3 Qe7 11. h3 Rd8 12. Qc2 h6 13. a4 a5 14. b3 c6 15. Ba3
Qc7 16. Bc4 b6 17. Rad1 Bb7 18. Bd3 Rd7 19. Rd2 Rad8 20. Rfd1 h5 21. Bc4 Bh6
22. Rxd7 Rxd7 23. Rxd7 Nxd7 24. Qd3 c5 1/2-1/2

[Event "Siegener SV 1 - Bergische SF 1"]
[Site "NRW-Klasse - Gruppe 4 2021/20"]
[Date "2022.04.24"]
[Round "8.8"]
[White "Jopp, Guenter"]
[Black "Mueller, Andreas"]
[Result "0-1"]
[WhiteElo "1667"]
[BlackElo "1793"]
[PlyCount "96"]
[EventDate "2022.??.??"]
[SourceVersionDate "2020.03.16"]
[WhiteTeam "Siegener SV 1"]
[BlackTeam "Bergische SF 1"]

1. e4 c5 2. Nf3 Nc6 3. d4 cxd4 4. Nxd4 Nf6 5. Nc3 d6 6. Be2 e5 7. Nb3 Be7 8.
O-O O-O 9. Be3 a5 10. a3 Be6 11. Nd2 d5 12. exd5 Nxd5 13. Nxd5 Bxd5 14. Bd3 f5
15. f4 e4 16. Be2 Bf6 17. Rb1 Nd4 18. Kh1 Rc8 19. c3 Nxe2 20. Qxe2 Qc7 21. Rfd1
Rfd8 22. Qf2 Re8 23. Rbc1 b5 24. Nf1 Qb7 25. Ng3 g6 26. Ne2 b4 27. Nd4 bxa3 28.
bxa3 Bc4 29. Rb1 Qe7 30. a4 Bd3 31. Rb3 Qd7 32. Nb5 Qe6 33. Qb2 Red8 34. h3 Bc4
35. Rxd8+ Rxd8 36. Ra3 Rd3 37. Qc1 Qd7 38. Nd4 Qd6 39. Ra1 Qc7 40. Rb1 Bf7 41.
Nb5 Qc4 42. Bd4 Bxd4 43. cxd4 e3 44. Qe1 e2 45. Nd6 Qxd4 46. Rb8+ Kg7 47. Ne8+
Bxe8 48. Qxe2 Rd1+ 0-1

[Event "Hellertaler SF 1 - SF Stadtverwaltung B"]
[Site "NRW-Klasse - Gruppe 4 2021/20"]
[Date "2022.04.24"]
[Round "8.1"]
[White "Horstmann, Olaf"]
[Black "Rahimi, Rahim"]
[Result "1-0"]
[WhiteElo "2125"]
[BlackElo "2080"]
[PlyCount "63"]
[EventDate "2022.??.??"]
[SourceVersionDate "2020.03.16"]
[WhiteTeam "SF Stadtverwaltung Bonn 1"]
[BlackTeam "Hellertaler SF 1"]

1. e4 Nc6 2. Nc3 a6 3. f4 e5 4. fxe5 Nxe5 5. d4 Ng6 6. Nf3 Bb4 7. Bc4 Nf6 8. e5
Ne4 9. O-O Bxc3 10. bxc3 O-O 11. Ba3 d6 12. Qe1 Ng5 13. Nxg5 Qxg5 14. exd6 b5
15. Bb3 Bb7 16. Qg3 Qxg3 17. hxg3 cxd6 18. Bxd6 Rfd8 19. Rxf7 Kh8 20. Bc7 Re8
21. d5 a5 22. a4 bxa4 23. Rxa4 Re1+ 24. Rf1 Re3 25. Rxa5 Rc8 26. Bb6 Rxg3 27.
Bd4 Ne7 28. Rf7 Re8 29. Ra7 Bxd5 30. Bxd5 Nxd5 31. Rxg7 Rxg7 32. Rxg7 1-0

[Event "Hellertaler SF 1 - SF Stadtverwaltung B"]
[Site "NRW-Klasse - Gruppe 4 2021/20"]
[Date "2022.04.24"]
[Round "8.2"]
[White "Reiffenrath, Christian"]
[Black "Limp, Roland"]
[Result "0-1"]
[WhiteElo "1997"]
[BlackElo "2112"]
[PlyCount "70"]
[EventDate "2022.??.??"]
[SourceVersionDate "2020.03.16"]
[WhiteTeam "Hellertaler SF 1"]
[BlackTeam "SF Stadtverwaltung Bonn 1"]

1. f4 Nf6 2. Nf3 g6 3. e3 Bg7 4. d4 d6 5. Bc4 O-O 6. O-O b6 7. c3 Bb7 8. a4 a6
9. Na3 Nbd7 10. Nc2 Ne4 11. Nd2 e5 12. Nxe4 Bxe4 13. dxe5 dxe5 14. Bd5 Bxd5 15.
Qxd5 Nc5 16. Qc4 Qd3 17. Qxd3 Nxd3 18. f5 Rfd8 19. g4 Rac8 20. Kg2 e4 21. h4
Be5 22. Rb1 c5 23. Na3 Rb8 24. Bd2 Bc7 25. Be1 Ne5 26. Rf4 gxf5 27. gxf5 Kg7
28. f6+ Kh6 29. Rxe4 Rg8+ 30. Kh3 Nf3 31. Bf2 Nd2 32. Re7 Nxb1 33. Nxb1 Bd6 34.
Rd7 Be5 35. Ra7 Rbd8 0-1

[Event "Hellertaler SF 1 - SF Stadtverwaltung B"]
[Site "NRW-Klasse - Gruppe 4 2021/20"]
[Date "2022.04.24"]
[Round "8.3"]
[White "Suppert, Timur"]
[Black "Mueller, Sven"]
[Result "0-1"]
[WhiteElo "2099"]
[BlackElo "1968"]
[PlyCount "70"]
[EventDate "2022.??.??"]
[SourceVersionDate "2020.03.16"]
[WhiteTeam "SF Stadtverwaltung Bonn 1"]
[BlackTeam "Hellertaler SF 1"]

1. d4 Nf6 2. Bg5 c5 3. d5 Qb6 4. Nc3 g6 5. e4 d6 6. Bb5+ Bd7 7. a4 Qa5 8. Bd2
Bg7 9. f4 a6 10. Bc4 Bg4 11. Nf3 Nbd7 12. O-O O-O 13. h3 Bxf3 14. Qxf3 Qb4 15.
Qe2 Nb6 16. Ba2 Nxa4 17. e5 Nd7 18. Nxa4 Qxa4 19. Bc4 Qxc2 20. Rac1 Qxb2 21.
Rb1 Qd4+ 22. Be3 Qe4 23. Rxb7 Rfd8 24. e6 fxe6 25. Qd2 Qxc4 26. dxe6 Qxe6 27.
Re1 Qe4 28. Rc7 Rac8 29. Bxc5 Qf5 30. Rxc8 Rxc8 31. Rxe7 Nxc5 32. g4 Qf6 33.
Qd5+ Kh8 34. Re3 Qd4 35. Qf3 Re8 0-1

[Event "Hellertaler SF 1 - SF Stadtverwaltung B"]
[Site "NRW-Klasse - Gruppe 4 2021/20"]
[Date "2022.04.24"]
[Round "8.4"]
[White "Petri, Wolfgang"]
[Black "Wagner, Rainer"]
[Result "0-1"]
[WhiteElo "1920"]
[BlackElo "2053"]
[PlyCount "70"]
[EventDate "2022.??.??"]
[SourceVersionDate "2020.03.16"]
[WhiteTeam "Hellertaler SF 1"]
[BlackTeam "SF Stadtverwaltung Bonn 1"]

1. e4 c5 2. Nf3 Nc6 3. d4 cxd4 4. Nxd4 Nf6 5. Nc3 e5 6. Nf3 d6 7. Bc4 Be7 8. h3
O-O 9. O-O a6 10. Be3 b5 11. Bb3 Na5 12. Bd5 Nxd5 13. Nxd5 Nc4 14. Bc1 Nb6 15.
Nxe7+ Qxe7 16. b3 Bb7 17. Ba3 Rfd8 18. Qe2 Nd7 19. Rfd1 Nc5 20. Nd2 Qh4 21. f3
Ne6 22. Rac1 Rac8 23. Bb2 Qg5 24. Kh2 h5 25. c4 Nf4 26. Qf1 h4 27. cxb5 axb5
28. Ba3 Ra8 29. Nb1 b4 30. Bxb4 Qg3+ 31. Kh1 Ba6 32. Be1 Bxf1 33. Bxg3 Bxg2+
34. Kh2 hxg3+ 35. Kxg3 Rxa2 0-1

[Event "Hellertaler SF 1 - SF Stadtverwaltung B"]
[Site "NRW-Klasse - Gruppe 4 2021/20"]
[Date "2022.04.24"]
[Round "8.5"]
[White "Wahl, Felix"]
[Black "Mellmann, Matthias"]
[Result "1-0"]
[WhiteElo "2017"]
[BlackElo "1845"]
[PlyCount "63"]
[EventDate "2022.??.??"]
[SourceVersionDate "2020.03.16"]
[WhiteTeam "SF Stadtverwaltung Bonn 1"]
[BlackTeam "Hellertaler SF 1"]

1. e4 e6 2. d4 d5 3. Nc3 Nf6 4. Bg5 Be7 5. e5 Nfd7 6. Bxe7 Qxe7 7. Qd2 a6 8. f4
c5 9. Nf3 Nc6 10. dxc5 Nxc5 11. O-O-O b5 12. Kb1 Bb7 13. Bd3 O-O-O 14. Ne2 f5
15. exf6 gxf6 16. Rhe1 Rhe8 17. Ng3 Qc7 18. Nh5 Qf7 19. g4 Kb8 20. Qc3 Nxd3 21.
cxd3 d4 22. Qd2 Qg6 23. h3 f5 24. Rg1 e5 25. Nh4 Qf7 26. Nxf5 Ne7 27. Nxe7 Rxe7
28. fxe5 Rxe5 29. Qh2 Qc7 30. Rc1 Qd6 31. Rge1 Rde8 32. Ng7 1-0

[Event "Hellertaler SF 1 - SF Stadtverwaltung B"]
[Site "NRW-Klasse - Gruppe 4 2021/20"]
[Date "2022.04.24"]
[Round "8.6"]
[White "Siebel, Holger"]
[Black "Dehmel, Jens"]
[Result "0-1"]
[WhiteElo "1772"]
[BlackElo "2008"]
[PlyCount "76"]
[EventDate "2022.??.??"]
[SourceVersionDate "2020.03.16"]
[WhiteTeam "Hellertaler SF 1"]
[BlackTeam "SF Stadtverwaltung Bonn 1"]

1. c4 c6 2. g3 d5 3. Bg2 Nf6 4. b3 e5 5. Bb2 Bd6 6. e3 O-O 7. Ne2 Re8 8. O-O
Bf5 9. Nbc3 Bf8 10. d4 e4 11. c5 h5 12. h3 Qd7 13. Nf4 g6 14. Kh2 Na6 15. a3
Bh6 16. b4 Nc7 17. a4 a6 18. Qe2 Ne6 19. Nxe6 Qxe6 20. b5 Nh7 21. Rfb1 axb5 22.
axb5 Ng5 23. Qf1 Nf3+ 24. Bxf3 exf3 25. Rxa8 Rxa8 26. Ra1 Rxa1 27. Bxa1 cxb5
28. Nxb5 Qa6 29. Kg1 Bxh3 30. Qxh3 Qxb5 31. Qf1 Qxf1+ 32. Kxf1 Bg5 33. Bc3 Bd8
34. Ke1 Kg7 35. Bb4 Kf6 36. Kf1 Kf5 37. Ke1 Bc7 38. Kf1 g5 0-1

[Event "Hellertaler SF 1 - SF Stadtverwaltung B"]
[Site "NRW-Klasse - Gruppe 4 2021/20"]
[Date "2022.04.24"]
[Round "8.7"]
[White "Hoefer, Severin Paul"]
[Black "Hassler, Rolf"]
[Result "1-0"]
[WhiteElo "1998"]
[BlackElo "1762"]
[PlyCount "63"]
[EventDate "2022.??.??"]
[SourceVersionDate "2020.03.16"]
[WhiteTeam "SF Stadtverwaltung Bonn 1"]
[BlackTeam "Hellertaler SF 1"]

1. Nf3 f5 2. d3 Nf6 3. e4 d6 4. Nc3 c6 5. exf5 Bxf5 6. d4 Qd7 7. Bd3 Bxd3 8.
Qxd3 Na6 9. a3 Nc7 10. O-O g6 11. Re1 O-O-O 12. Ne4 Bg7 13. c4 Qf5 14. Qe2 Nxe4
15. Qxe4 e6 16. Bf4 Rhe8 17. Bg3 d5 18. Qe2 dxc4 19. Qxc4 Qb5 20. Qc1 Nd5 21.
Be5 Bxe5 22. Rxe5 Qb3 23. a4 Qb6 24. a5 Qa6 25. Ng5 Nb4 26. Rxe6 Rf8 27. Re7
Rxf2 28. Qe1 Nd3 29. Qe6+ Kb8 30. Re8 Rxg2+ 31. Kh1 Kc7 32. Qe7+ 1-0

[Event "Hellertaler SF 1 - SF Stadtverwaltung B"]
[Site "NRW-Klasse - Gruppe 4 2021/20"]
[Date "2022.04.24"]
[Round "8.8"]
[White "Herfel, Manfred"]
[Black "Nenner, Thomas"]
[Result "0-1"]
[WhiteElo "1715"]
[BlackElo "1984"]
[PlyCount "114"]
[EventDate "2022.??.??"]
[SourceVersionDate "2020.03.16"]
[WhiteTeam "Hellertaler SF 1"]
[BlackTeam "SF Stadtverwaltung Bonn 1"]

1. d4 Nf6 2. Nf3 e6 3. c4 b6 4. g3 Bb7 5. Bg2 Be7 6. O-O O-O 7. Nc3 Ne4 8. Qc2
Nxc3 9. Qxc3 d6 10. Rd1 Nd7 11. b3 Bf6 12. Qd2 Qe7 13. Bb2 a5 14. a4 Rad8 15.
e3 h6 16. Bc3 e5 17. Qb2 e4 18. Nd2 c5 19. d5 Bxc3 20. Qxc3 f5 21. f4 exf3 22.
Nxf3 Rde8 23. Re1 Bc8 24. Re2 g5 25. Rae1 g4 26. Nd2 Ne5 27. Kf2 Qg5 28. Kg1
Re7 29. Rf2 h5 30. Rf4 Ng6 31. Rf2 h4 32. Nf1 Rfe8 33. Rfe2 Bd7 34. Qd3 Qf6 35.
Qd2 Re5 36. Kf2 Qe7 37. Kg1 f4 38. gxf4 Nxf4 39. Rf2 Nh3+ 40. Bxh3 gxh3 41. e4
Qg7+ 42. Kh1 Rxe4 43. Ne3 R8e5 44. Rg1 Rg5 45. Rxg5 Qxg5 46. Nf1 Qxd2 47. Nxd2
Re1+ 48. Nf1 Bg4 49. Kg1 Be2 50. Rf5 Kg7 51. Rf4 Kg6 52. Rf8 Rxf1+ 53. Rxf1
Bxf1 54. Kxf1 Kf5 55. Ke1 Ke5 56. Kd1 Kf4 57. Ke2 Ke4 0-1